Statistiques concernant Table de 15

Cliquez ici pour prendre le quiz!

Statistiques générales

  • Ce quiz a été pris 112 fois
  • Le résultat moyen est 19 sur 20

Statistiques - réponses

HintRéponse% Correct
15 x 1 =15
100%
15 x 2 =30
100%
15 x 3 =45
100%
15 x 4 =60
100%
15 x 5 =75
100%
15 x 6 =90
100%
15 x 7 =105
99%
15 x 8 =120
99%
15 x 9 =135
99%
15 x 10 =150
98%
15 x 12 =180
98%
15 x 13 =195
98%
15 x 11 =165
97%
15 x 14 =210
96%
15 x 15 =225
93%
15 x 16 =240
92%
15 x 20 =300
91%
15 x 17 =255
90%
15 x 18 =270
89%
15 x 19 =285
89%

Distribution des résultats

Percentile par nombre de réponses

% des personnes avec chaque résultat

Votre développement - résultats

Vous n’avez pas pris ce quiz